000 00506nam a22002177a 4500
003 bpm
005 20260320091823.0
008 260316b |||||||| |||| 00| j spa d
020 _a8429310827
024 _aS. C. C. / M. C. y E. M.:
040 _aAR-CtUCP
041 _aspa
080 _aCDU
100 _aMello Anthony de
245 _aUn minuto para el absurdo
250 _a5ta.
260 _aEspaƱa
_bSal Terrae
_c1993
650 _aLiteratura-Cuentos
942 _cLIB
999 _c76581
_d76581